000 00723nam a2200217Ia 4500
003 OSt
005 20251104141627.0
008 210210b2003 xxu||||| |||| 00| 0 eng d
020 _a81 88974 01 3
040 _cAL
041 _aKannada
082 _aK894.3 PATS
100 _aPATTISON (Eliot).
_dಪ್ಯಾಟಿಸನ್ (ಎಲಿಯಟ್)
_9243781
245 _aSkalmantra; arivilla endu ariyuvudu uttama.
_bಸ್ಕಲ್ ಮಂತ್ರ; ಅರಿವಿಲ್ಲ ಎಂದು ಅರಿಯುವುದು ಉತ್ತಮ.
260 _aBengaluru
_bAnkita Pustaka
_c2003
300 _a436
650 _aBeluru Sudarshana
_9243782
690 _aKannada Fiction
_9243783
906 _aSG04059
942 _2ddc
_cBK
999 _c114732
_d114732